000 00865nam a22002175i 4500
001 159807
003 ES-MaACL
005 20250629063140.0
008 040727s1868 fr a |||| | fre d
040 _aCAM
_bspa
_cCAM
100 1 _aMirecourt, Eugène de,
_d1812-1880
_9129980
245 1 0 _aPie IX /
_cpar Eugène de Mirecourt.
260 _aParis :
_bAchille Faure éditeur,
_c1868 (
_eMirecourt :
_fTyp. de L.-Ph. Costet et c\pie\s)
300 _a72 p., [1] h. de lám. ;
_c14 cm.
490 1 _aHistoire contemporaine : portraits et silhouettes au XIX\pe\s siècle
599 _aLa h. de lám. retrato de Pio IX.
600 0 4 _aPío
_bIX
_cPapa, Beato-
_xBiografías.
_9137975
830 0 _aHistoire contemporaine : portraits et silhouettes au XIX\pe\s siècle
_9188249
852 _aES-MaACL
_jG-14948(7)
_z-- Enc. jol.
999 _c159807
_d159807